Nanjangud kannada: vakkaliga dialect. (Record no. 214010)
[ view plain ]
| 000 -LEADER | |
|---|---|
| fixed length control field | 00669nam a2200217Ia 4500 |
| 003 - CONTROL NUMBER IDENTIFIER | |
| control field | OSt |
| 005 - DATE AND TIME OF LATEST TRANSACTION | |
| control field | 20251209105144.0 |
| 008 - FIXED-LENGTH DATA ELEMENTS--GENERAL INFORMATION | |
| fixed length control field | 210719s1968 xx 000 0 und d |
| 040 ## - CATALOGING SOURCE | |
| Transcribing agency | AL |
| 041 ## - LANGUAGE CODE | |
| Language code of text/sound track or separate title | Kannada |
| 082 ## - DEWEY DECIMAL CLASSIFICATION NUMBER | |
| Classification number | K494E UPAN |
| 100 ## - MAIN ENTRY--PERSONAL NAME | |
| Personal name | UPADHYAYA (U Padmanabha) |
| 9 (RLIN) | 247190 |
| 245 ## - TITLE STATEMENT | |
| Title | Nanjangud kannada: vakkaliga dialect. |
| Remainder of title | ನಂಜನಗೂಡು ಕನ್ನಡ :ಒಕ್ಕಲಿಗ ಡೈಲೆಕ್ಟ್ |
| 260 ## - PUBLICATION, DISTRIBUTION, ETC. | |
| Place of publication, distribution, etc. | Poona |
| Name of publisher, distributor, etc. | Deccan College |
| Date of publication, distribution, etc. | 1968 |
| 300 ## - PHYSICAL DESCRIPTION | |
| Extent | 207 |
| Other physical details | PB |
| 365 ## - TRADE PRICE | |
| Price amount | 12 |
| Currency code | Rs |
| 440 ## - SERIES STATEMENT/ADDED ENTRY--TITLE | |
| Title | Lingustic survey of India series: 2 |
| 9 (RLIN) | 247191 |
| 650 ## - SUBJECT ADDED ENTRY--TOPICAL TERM | |
| Topical term or geographic name entry element | Kannada Language |
| 9 (RLIN) | 247192 |
| 906 ## - LOCAL DATA ELEMENT F, LDF (RLIN) | |
| a | Vakkaliga Dialect |
| 942 ## - ADDED ENTRY ELEMENTS (KOHA) | |
| Source of classification or shelving scheme | Dewey Decimal Classification |
| Koha item type | Book |
| Withdrawn status | Lost status | Damaged status | Not for loan | Collection code | Home library | Current library | Date acquired | Source of acquisition | Cost, normal purchase price | Total Checkouts | Full call number | Barcode | Date last seen | Price effective from | Koha item type |
|---|---|---|---|---|---|---|---|---|---|---|---|---|---|---|---|
| St Aloysius Library | St Aloysius Library | 02/17/2006 | Deccan College, Poona | 12.00 | K494E UPAN | D02619 | 07/19/2021 | 07/19/2021 | Donated Books |